000 01532cam a2200385 a 4500
001 13395707
003 OSt
005 20140310184400.0
008 031105s2004 nyu c 000 1 eng
010 _a 2003024412
020 _a0439650755 (hardcover : alk. paper)
040 _aDLC
_cDLC
_dDLC
042 _alcac
050 0 0 _aPZ 7
_b.C6837Gre 2004
100 1 _aCollins, Suzanne.
_95977
245 1 0 _aGregor and the Prophecy of Bane /
_cSuzanne Collins.
246 3 _aProphecy of Bane
250 _a1st ed.
260 _aNew York :
_bScholastic Inc.,
_c2004
300 _a312 p. ;
_c21 cm.
500 _aSequel to: Gregor the overlander.
500 _aSequel: Gregor and the curse of the warmbloods.
520 _aIn his second adventure, eleven-year-old Gregor returns to the world beneath New York City to rescue his kidnapped sister, Boots, and fulfill a prophecy that will restore peace to the people, bats, rats, cockroaches, and spiders who populate the underworld.
521 _aG4
526 _c680
650 1 _aFriendship
_vFiction.
_925702
650 1 _aBrothers and sisters
_vFiction.
_925703
650 1 _aAnimals
_vFiction.
_925704
650 1 _aFantasy.
_93293
856 4 2 _3Publisher description
_uhttp://www.loc.gov/catdir/description/schol051/2003024412.html
906 _a7
_bcbc
_corignew
_d1
_eecip
_f20
_gy-gencatlg
942 _2lcc
_cBK-SCHOLAS
999 _c34031
_d34031